000 00253nam a2200109Ia 4500
008 200302s9999 xx 000 0 und d
100 _aQuinlan Terry
245 _aArchitects Anonymous
260 _bAcademy Group Ltd.
260 _c1994
300 _a80 P.,
999 _c2437
_d2437